|
|
|
|
| LEADER |
00000nta a2200000 i 4500 |
| 001 |
dolg10363 |
| 005 |
20170703111108.0 |
| 008 |
170502suuuu hu om 000 eng d |
| 040 |
|
|
|a BGE Dolgozattár Repozitórium
|b hun
|
| 041 |
|
|
|a en
|
| 100 |
1 |
|
|a Csiszár Lilla
|
| 245 |
1 |
4 |
|a The role of sales and marketing in the banking sector focused on Hungary- K&H Bank case study
|c Csiszár Lilla
|h [elektronikus dokumentum]
|
| 246 |
1 |
1 |
|a The role of sales and marketing in the banking sector focused on Hungary- K&H Bank case study
|
| 695 |
|
|
|a banking
|
| 695 |
|
|
|a bank marketing
|
| 700 |
1 |
|
|a Németh Dr. Patrícia
|e ths
|
| 856 |
4 |
0 |
|u http://dolgozattar.uni-bge.hu/10363/1/Csisz%C3%A1r%20Lilla%20B3M1DG%20..%20.pdf
|z Dokumentum-elérés
|